Countries Visited by Cabeza de Vaca - Statistics

General Stats
  • This quiz has been taken 18 times
  • The average score is 5 of 5
Answer Stats
Continent Year Answer % Correct
North America 1528 United States
100%
North America 1527 Cuba
93%
North America 1534 Mexico
93%
Europe 1527 Spain
86%
North America 1527 Haiti
79%
No matching quizzes found
Score Distribution
Percent of People with Each Score
Percentile by Number Answered
Your Score History
You have not taken this quiz